03027cam a22003015a 4500001001200000003000400012005001700016008004100033020003500074020001800109040004000127043001200167082001700179245008900196250001200285260006900297300003300366500002400399504004100423505196800464650004802432651001002480653003702490700003502527942000802562999001702570952013802587ocm63808022OSt20151116153903.0060210s2006 enka frb 001 0 eng d a0415379547 (pbk. : alk. paper) a9780415379540 aDLCcDLCdBAKERdC#PdEG-ScBUEbeng ae-uk---04a072222bLOC00aLocal journalism and local media :bmaking the local news /cedited by Bob Franklin. a2nd ed. aLondon ;aNew York :bRoutledge / Taylor & Francis Group,c2006. axv, 311 p. :bill. ;c25 cm. aIndex : p. 301-311. aIncludes bibliographical references.0 aAttacking the devil? local journalists and local newspapers in the UK / Bob Franklin -- News on local radio / Andrew Crisell and Guy Starkey -- What future for regional television news? / Richard Tait -- News from a small country : the media in Scotland / Brian McNair -- The regional and local media in Wales / James Thomas -- Profits, politics, and paramilitaries : the local news media in Northern Ireland / Greg McLaughlin -- Educating and training local journalists / Peter Cole -- Profits before product? Ownership and economics of the local press / Granville Williams -- Industrial relations and local journalism / Gregor Gall -- Local journalists and the local press : waking up to change? / Rod Pilling -- Regulating the local press / Robert Pinker -- The alternative local press / Tony Harcup -- Real readers, real news : the work of a local newspaper editor / Sara Hadwin -- A right free for all! competition, soundbite journalism, and the local free press / Bob Franklin -- Local news, global politics : reporting the London bomb attacks / Stuart Allan -- Local government public relations and the local press / Shirley Harrison -- Hungry media need fast food : the role of the central office of information / Brent Garner -- The role of the freelance in local journalism / Ros Bew -- Trading on trust : news agencies, local journalism and local media / Martin Hamer -- Letters to the editor in local and regional newspapers : giving voice to the readers / Karin Wahl-Jorgensen -- Open source? Hearing voices in the local press / Karen Ross -- Out damned plot: the Evening standard and the introduction of the London congestion charging / Ivor Gaber -- Downgrading the 'local' in local newspapers' reporting of the 2005 UK general election / Bob Franklin, Geoff Court and Stephen Cushion -- Ethics for local journalism / Chris Frost -- Football fanzines and local news / Chris Atton -- The freedom of information and local journalism / Heather Brooke. 0aJournalism, RegionalzGreat Britain.2BUEsh 2BUEsh bCOMAMEcAugust2015cNovember20151 aFranklin, Bob,d1949-eeditor. 2ddc c20508d20480 00102ddc40708BaccahaMAINbMAINcLOWd2015-08-13ePurchaseg314.00h21782l0o072 LOCp000039156r2025-07-15 00:00:00v393.00yBB